[Event "SVK-chT1E 1920"]
[Site "Slovakia"]
[Date "2019.10.13"]
[Round "2.1"]
[White "Krak, Tomas"]
[Black "Piesik, Piotr"]
[Result "1-0"]
[WhiteElo "2317"]
[BlackElo "2403"]
[PlyCount "77"]
[EventDate "2019.10.12"]
[EventType "team-tourn"]
[EventRounds "11"]
[EventCountry "SVK"]
[SourceTitle "CBM 193 Extra"]
[Source "ChessBase"]
[SourceDate "2020.01.31"]
[SourceVersion "1"]
[SourceVersionDate "2020.01.31"]
[SourceQuality "1"]
[WhiteTeam "Humenne Reinter II"]
[BlackTeam "Cadca"]
[WhiteTeamCountry "SVK"]
[BlackTeamCountry "SVK"]

1. Nf3 Nf6 2. c4 e6 3. g3 b6 4. Bg2 Bb7 5. 0-0 Be7 6. Nc3 0-0 7. Re1 d5 8. cxd5 exd5 9. d4 c5 10. Bf4 Nbd7 11. Rc1 Ne4 12. dxc5 Nxc3 13. bxc3 Nxc5 14. Nd4 Qd7 15. Qc2 g6 16. Red1 Rac8 17. c4 dxc4 18. Nc6 Bxc6 19. Rxd7 Bxd7 20. Bh6 Be6 21. Qc3 f6 22. Bxf8 Kxf8 23. Qe3 b5 24. Qh6+ Kg8 25. Bh3 Bxh3 26. Qxh3 Rd8 27. Qh6 a5 28. Qf4 Rc8 29. h4 Ne6 30. Qd2 Kf7 31. Qxa5 Nd4 32. Kf1 Rc5 33. Qd2 Nc6 34. Qh6 Rh5 35. Qf4 Rc5 36. a4 c3 37. axb5 Na5 38. Qb4 Nc4 39. Qxc3 1-0

[Event "Pardubice Czech op-A 30th"]
[Site "Pardubice"]
[Date "2019.07.27"]
[Round "9"]
[White "Kim, Andrey"]
[Black "Krak, Tomas"]
[Result "1/2-1/2"]
[WhiteElo "2048"]
[BlackElo "2274"]
[PlyCount "126"]
[EventDate "2019.07.19"]
[EventType "swiss"]
[EventRounds "9"]
[EventCountry "CZE"]
[SourceTitle "CBM 191"]
[Source "ChessBase"]
[SourceDate "2019.08.31"]
[SourceVersion "1"]
[SourceVersionDate "2019.08.31"]
[SourceQuality "1"]

1. d4 e6 2. c4 Nf6 3. g3 c5 4. Nf3 cxd4 5. Nxd4 Nc6 6. Bg2 Qb6 7. Nb3 Bb4+ 8. Bd2 d5 9. cxd5 Nxd5 10. 0-0 a5 11. Bxb4 Qxb4 12. Nc3 Nxc3 13. bxc3 Qe7 14. Nd4 Nxd4 15. Qxd4 0-0 16. Rfd1 e5 17. Qd6 Qxd6 18. Rxd6 Be6 19. Bxb7 Rad8 20. Rad1 Rxd6 21. Rxd6 Bxa2 22. Ra6 Bc4 23. Rxa5 Bxe2 24. Rxe5 Bc4 25. Rc5 Be6 26. Ra5 Rb8 27. Ra8 Rxa8 28. Bxa8 Kf8 29. Kf1 Ke7 30. Ke2 Kd6 31. Kd3 Kc5 32. Bb7 h6 33. Ba6 Bf5+ 34. Ke3 f6 35. Bd3 Bd7 36. Bg6 Kc4 37. Kd2 Be6 38. f4 Bd5 39. f5 Kc5 40. Be8 Kd6 41. Ke3 Kc5 42. Bd7 Bf7 43. Kf4 Bh5 44. Be6 Kd6 45. Bb3 Kc5 46. Ke4 Be8 47. Bd5 Bh5 48. Be6 Be8 49. Kf4 Bh5 50. g4 Be8 51. Kg3 Kd6 52. Bg8 Ke5 53. Bh7 Ke4 54. Bg6 Bc6 55. Bf7 Ke5 56. c4 Kd6 57. Kh4 Ke7 58. Bd5 Be8 59. Bg8 Kd6 60. Kg3 h5 61. h3 hxg4 62. hxg4 Ke5 63. Kh4 Kd4 1/2-1/2

[Event "Pardubice Czech op-A 30th"]
[Site "Pardubice"]
[Date "2019.07.26"]
[Round "8"]
[White "Krak, Tomas"]
[Black "Bronstein, Or"]
[Result "0-1"]
[WhiteElo "2274"]
[BlackElo "2378"]
[PlyCount "116"]
[EventDate "2019.07.19"]
[EventType "swiss"]
[EventRounds "9"]
[EventCountry "CZE"]
[SourceTitle "CBM 191"]
[Source "ChessBase"]
[SourceDate "2019.08.31"]
[SourceVersion "1"]
[SourceVersionDate "2019.08.31"]
[SourceQuality "1"]

1. e4 c5 2. Nf3 d6 3. Bb5+ Nd7 4. c3 Ngf6 5. Qe2 a6 6. Ba4 e5 7. 0-0 Be7 8. d4 b5 9. Bc2 0-0 10. Rd1 Qc7 11. d5 Rb8 12. b3 Re8 13. Nbd2 Nh5 14. g3 g6 15. Nf1 Nb6 16. Ne3 Bd7 17. a4 Bf6 18. axb5 axb5 19. Bd2 Qd8 20. c4 b4 21. Ra6 Bg7 22. Ne1 Rf8 23. Nf5 gxf5 24. Qxh5 fxe4 25. Bxe4 f5 26. Bc2 Rb7 27. Nf3 Qe8 28. Qxe8 Rxe8 29. Ng5 e4 30. Bf4 Bf6 31. Nh3 Bd4 32. Re1 Bc3 33. Re2 Nxd5 34. Bxd6 Bd4 35. Bf4 Nc3 36. Re1 Re6 37. Ra8+ Re8 38. Ra5 Bc6 39. Be3 Rd7 40. Bc1 Ra8 41. Rxa8+ Bxa8 42. Bb2 Ra7 43. Ra1 Rxa1+ 44. Bxa1 Ne2+ 45. Kf1 Nxg3+ 46. hxg3 Bxa1 47. Ng5 h6 48. Ne6 Bd4 49. Nc7 Bc6 50. Nd5 Kf7 51. f3 exf3 52. Bxf5 Kg7 53. Bg4 f2 54. Bf5 Be8 55. Nf4 Kf6 56. Bh3 Bc6 57. Nd5+ Bxd5 58. cxd5 c4 0-1

[Event "Pardubice Czech op-A 30th"]
[Site "Pardubice"]
[Date "2019.07.23"]
[Round "5"]
[White "Lalic, Bogdan"]
[Black "Krak, Tomas"]
[Result "1/2-1/2"]
[WhiteElo "2411"]
[BlackElo "2274"]
[PlyCount "31"]
[EventDate "2019.07.19"]
[EventType "swiss"]
[EventRounds "9"]
[EventCountry "CZE"]
[SourceTitle "CBM 191"]
[Source "ChessBase"]
[SourceDate "2019.08.31"]
[SourceVersion "1"]
[SourceVersionDate "2019.08.31"]
[SourceQuality "1"]

1. d4 Nf6 2. c4 c5 3. d5 e6 4. Nc3 exd5 5. cxd5 d6 6. Nf3 g6 7. Nd2 a6 8. a4 Nbd7 9. e4 Bg7 10. Be2 0-0 11. 0-0 Re8 12. f4 Rb8 13. Kh1 Qc7 14. a5 b5 15. axb6 Nxb6 16. Ra3 1/2-1/2

[Event "Pardubice Czech op-A 30th"]
[Site "Pardubice"]
[Date "2019.07.22"]
[Round "4"]
[White "Krak, Tomas"]
[Black "Plischki, Sebastian"]
[Result "1/2-1/2"]
[WhiteElo "2274"]
[BlackElo "2420"]
[PlyCount "102"]
[EventDate "2019.07.19"]
[EventType "swiss"]
[EventRounds "9"]
[EventCountry "CZE"]
[SourceTitle "CBM 191"]
[Source "ChessBase"]
[SourceDate "2019.08.31"]
[SourceVersion "1"]
[SourceVersionDate "2019.08.31"]
[SourceQuality "1"]

1. d4 Nf6 2. c4 g6 3. Nc3 Bg7 4. e4 d6 5. Nf3 0-0 6. Be2 c5 7. 0-0 Bg4 8. d5 Nbd7 9. Bg5 Bxf3 10. Bxf3 a6 11. a4 Rb8 12. Be2 Ne8 13. Qd2 Nc7 14. Ra3 Re8 15. Kh1 Bf6 16. Bf4 Nf8 17. Bg3 Bd4 18. Bd3 e6 19. Rb3 exd5 20. exd5 f5 21. Ne2 Be5 22. f4 Bg7 23. Ng1 Nd7 24. Re1 Rxe1 25. Qxe1 b6 26. Nf3 Qf8 27. Bh4 Re8 28. Qf1 a5 29. h3 Bf6 30. Qf2 Bxh4 31. Qxh4 Qe7 32. Qxe7 Rxe7 33. Kg1 Kg7 34. Kf2 h6 35. Bb1 Kf6 36. Re3 Rxe3 37. Kxe3 Ne8 38. b3 Ng7 39. g3 g5 40. Bc2 Nh5 41. fxg5+ hxg5 42. Bxf5 Ne5 43. g4 Nf4 44. Nd2 Nxh3 45. Ne4+ Ke7 46. Be6 Nf4 47. Nxg5 Nxe6 48. Nxe6 Nxg4+ 49. Ke4 Nf2+ 50. Ke3 Ng4+ 51. Kf4 Nf2 1/2-1/2

[Event "SVK-chT2D 1819"]
[Site "Slovakia"]
[Date "2019.03.02"]
[Round "8.1"]
[White "Galovic, Stefan"]
[Black "Krak, Tomas"]
[Result "1/2-1/2"]
[WhiteElo "2110"]
[BlackElo "2284"]
[PlyCount "83"]
[EventDate "2018.10.13"]
[EventType "team-tourn"]
[EventRounds "11"]
[EventCountry "SVK"]
[SourceTitle "CBM 189 Extra"]
[Source "ChessBase"]
[SourceDate "2019.06.03"]
[SourceVersion "1"]
[SourceVersionDate "2019.06.03"]
[SourceQuality "1"]
[WhiteTeam "Poprad LS VD"]
[BlackTeam "Humenne Reinter"]
[WhiteTeamCountry "SVK"]
[BlackTeamCountry "SVK"]

1. d4 Nf6 2. c4 c5 3. Nf3 cxd4 4. Nxd4 Nc6 5. g3 g6 6. Bg2 Bg7 7. 0-0 0-0 8. Nc3 d6 9. b3 Bd7 10. Bb2 Nxd4 11. Qxd4 Bc6 12. Nd5 Bxd5 13. Bxd5 Ne8 14. Qd2 Bxb2 15. Qxb2 Qb6 16. Rfd1 Nf6 17. Rac1 Rfc8 18. Bf3 Rc7 19. Qd4 Qxd4 20. Rxd4 a5 21. e3 Ra6 22. a3 Rb6 23. Rb1 Nd7 24. b4 Ne5 25. Be2 axb4 26. axb4 Nc6 27. b5 Nxd4 28. exd4 e5 29. d5 Kg7 30. Ra1 Rc8 31. Kg2 f5 32. Kf3 Kf6 33. Ke3 Re8 34. f3 g5 35. Bd3 h5 36. h3 Rg8 37. g4 f4+ 38. Kd2 hxg4 39. hxg4 Rc8 40. Kc3 Ke7 41. Kb4 Kd7 42. Ra7 1/2-1/2

[Event "SVK-chT 1819"]
[Site "Slovakia"]
[Date "2019.02.16"]
[Round "5.2"]
[White "Krak, Tomas"]
[Black "Vojtek, Vladimir"]
[Result "0-1"]
[WhiteElo "2284"]
[BlackElo "2316"]
[PlyCount "58"]
[EventDate "2018.11.10"]
[EventType "team-tourn"]
[EventRounds "11"]
[EventCountry "SVK"]
[SourceTitle "CBM 188 Extra"]
[Source "ChessBase"]
[SourceDate "2019.02.26"]
[SourceVersion "1"]
[SourceVersionDate "2019.02.26"]
[SourceQuality "1"]
[WhiteTeam "Snina Reinter"]
[BlackTeam "Dubnica nad Vahom"]
[WhiteTeamCountry "SVK"]
[BlackTeamCountry "SVK"]

1. e4 c5 2. Nf3 d6 3. d4 cxd4 4. Nxd4 Nf6 5. Nc3 a6 6. Be3 e5 7. Nb3 Be6 8. h3 Nbd7 9. f4 exf4 10. Bxf4 Qb6 11. Qe2 Be7 12. 0-0-0 0-0 13. g4 Ne5 14. g5 Nfd7 15. Kb1 Rac8 16. Nd5 Bxd5 17. Rxd5 f6 18. h4 fxg5 19. Be3 Qd8 20. hxg5 Bxg5 21. Bh3 Bxe3 22. Qxe3 Qf6 23. Nd4 Rce8 24. Bf5 g6 25. Qh3 Re7 26. Be6+ Kh8 27. Rxd6 Nc5 28. a3 Nxe4 29. Rb6 Nf2 0-1

[Event "SVK-chT1E 1819"]
[Site "Slovakia"]
[Date "2019.02.02"]
[Round "7.1"]
[White "Mazur, Stefan"]
[Black "Krak, Tomas"]
[Result "1-0"]
[WhiteElo "2428"]
[BlackElo "2284"]
[PlyCount "51"]
[EventDate "2018.10.27"]
[EventType "team-tourn"]
[EventRounds "11"]
[EventCountry "SVK"]
[SourceTitle "CBM 188 Extra"]
[Source "ChessBase"]
[SourceDate "2019.02.26"]
[SourceVersion "1"]
[SourceVersionDate "2019.02.26"]
[SourceQuality "1"]
[WhiteTeam "Michalovce Zemplin"]
[BlackTeam "Kosice Slavia TU II"]
[WhiteTeamCountry "SVK"]
[BlackTeamCountry "SVK"]

1. e4 c5 2. Nf3 Nc6 3. d4 cxd4 4. Nxd4 g6 5. Nc3 Bg7 6. Be3 Nf6 7. Bc4 0-0 8. Bb3 d6 9. f3 Bd7 10. h4 Nxd4 11. Bxd4 b5 12. h5 a5 13. hxg6 hxg6 14. Nd5 Nxd5 15. Bxd5 Rc8 16. a3 e5 17. Be3 Qc7 18. c3 Bc6 19. Bb3 Qe7 20. Qd2 Bf6 21. g3 Rfd8 22. Qh2 Bg7 23. Qh7+ Kf8 24. Bh6 Qf6 25. Qh8+ Ke7 26. Qxg7 1-0

[Event "SVK-chT 1819"]
[Site "Slovakia"]
[Date "2018.11.11"]
[Round "2.2"]
[White "Haring, Filip"]
[Black "Krak, Tomas"]
[Result "1/2-1/2"]
[WhiteElo "2258"]
[BlackElo "2284"]
[PlyCount "155"]
[EventDate "2018.11.10"]
[EventType "team-tourn"]
[EventRounds "11"]
[EventCountry "SVK"]
[SourceTitle "CBM 187 Extra"]
[Source "ChessBase"]
[SourceDate "2018.11.04"]
[SourceVersion "1"]
[SourceVersionDate "2018.11.04"]
[SourceQuality "1"]
[WhiteTeam "Liptov Chess School"]
[BlackTeam "Snina Reinter"]
[WhiteTeamCountry "SVK"]
[BlackTeamCountry "SVK"]

1. e4 c5 2. Nf3 Nc6 3. d4 cxd4 4. Nxd4 g6 5. Nc3 Bg7 6. Be3 Nf6 7. Bc4 0-0 8. Bb3 d6 9. f3 Bd7 10. Qd2 Na5 11. 0-0-0 Nxb3+ 12. cxb3 Qb8 13. g4 b5 14. g5 b4 15. gxf6 bxc3 16. bxc3 Bxf6 17. h4 Rc8 18. h5 Qc7 19. c4 Rab8 20. Rdg1 e5 21. hxg6 hxg6 22. Qh2 exd4 23. Rxg6+ fxg6 24. Qh7+ Kf8 25. Bh6+ Ke8 26. Qxg6+ Ke7 27. Bg5 Rf8 28. Bxf6+ Rxf6 29. Rh7+ Kd8 30. Qxf6+ Kc8 31. Qxd4 Qb6 32. Qd2 Qc5 33. f4 Kc7 34. e5 Rg8 35. Kb2 Rg6 36. Re7 Kc8 37. f5 Bxf5 38. exd6 Rxd6 39. Qf4 Rd1 40. Re8+ Kd7 41. Re5 Rb1+ 42. Kc3 Rc1+ 43. Kd2 Rc2+ 44. Kd1 Qg1+ 45. Re1 Qf2 46. Qxf2 Rxf2 47. Re5 Bg4+ 48. Kc1 Rxa2 49. b4 Ra4 50. Ra5 Rxb4 51. Rxa7+ Kd6 52. Kd2 Rxc4 53. Kd3 Rc6 54. Rg7 Be6 55. Rg5 Rc7 56. Kd4 Rc4+ 57. Ke3 Bd5 58. Rg6+ Kc5 59. Rg5 Re4+ 60. Kd3 Rf4 61. Re5 Ra4 62. Ke3 Ra3+ 63. Kf4 Kd4 64. Re8 Rf3+ 65. Kg4 Rf7 66. Kg5 Be4 67. Kg4 Ke3 68. Rg8 Rf2 69. Rg5 Rf8 70. Rg7 Rf1 71. Rg5 Kd4 72. Kh4 Bf5 73. Rg3 Ke4 74. Kg5 Ke5 75. Re3+ Be4 76. Rg3 Rf2 77. Rg4 Rh2 78. Rg3 1/2-1/2

[Event "SVK-chT1E 1819"]
[Site "Slovakia"]
[Date "2018.10.28"]
[Round "2.1"]
[White "Krak, Tomas"]
[Black "Nagy, Gabor"]
[Result "0-1"]
[WhiteElo "2284"]
[BlackElo "2464"]
[PlyCount "80"]
[EventDate "2018.10.27"]
[EventType "team-tourn"]
[EventRounds "11"]
[EventCountry "SVK"]
[SourceTitle "CBM 187 Extra"]
[Source "ChessBase"]
[SourceDate "2018.11.04"]
[SourceVersion "1"]
[SourceVersionDate "2018.11.04"]
[SourceQuality "1"]
[WhiteTeam "Kosice Slavia TU II"]
[BlackTeam "Cebovce"]
[WhiteTeamCountry "SVK"]
[BlackTeamCountry "SVK"]

1. Nf3 c5 2. c4 Nf6 3. Nc3 Nc6 4. g3 d5 5. cxd5 Nxd5 6. d3 Nc7 7. Bg2 e5 8. Nd2 Bd7 9. a4 Be7 10. Nc4 0-0 11. 0-0 f6 12. Bd2 b6 13. f4 exf4 14. Bxf4 Ne6 15. Bd2 Rb8 16. Nd5 Kh8 17. Bc3 a6 18. b3 b5 19. axb5 axb5 20. Nd2 Bd6 21. Nf3 Nc7 22. Nh4 Nxd5 23. Bxd5 Be5 24. Bxe5 Nxe5 25. e4 Bc6 26. Bxc6 Nxc6 27. Qh5 Ne5 28. Ra7 c4 29. Kg2 Qxd3 30. Rf4 Ra8 31. Re7 Kg8 32. Nf5 Nf7 33. Rf2 cxb3 34. Qg4 g6 35. Rd7 Qc3 36. Ne7+ Kg7 37. Nd5 Qe5 38. Nxf6 Ra2 39. Nd5 Rxf2+ 40. Kxf2 b2 0-1

[Event "SVK-chT1E 1819"]
[Site "Slovakia"]
[Date "2018.10.27"]
[Round "1.1"]
[White "Michalicka, Milan"]
[Black "Krak, Tomas"]
[Result "0-1"]
[WhiteElo "2193"]
[BlackElo "2284"]
[PlyCount "102"]
[EventDate "2018.10.27"]
[EventType "team-tourn"]
[EventRounds "11"]
[EventCountry "SVK"]
[SourceTitle "CBM 187 Extra"]
[Source "ChessBase"]
[SourceDate "2018.11.04"]
[SourceVersion "1"]
[SourceVersionDate "2018.11.04"]
[SourceQuality "1"]
[WhiteTeam "Banska Bystrica Junior"]
[BlackTeam "Kosice Slavia TU II"]
[WhiteTeamCountry "SVK"]
[BlackTeamCountry "SVK"]

1. d4 Nf6 2. c4 g6 3. Nc3 Bg7 4. e4 d6 5. Be2 0-0 6. Nf3 Bg4 7. Be3 Nfd7 8. Qd2 a6 9. h3 Bxf3 10. Bxf3 c5 11. d5 b5 12. cxb5 axb5 13. Nxb5 Qa5 14. Qxa5 Rxa5 15. Nc3 Nb6 16. Be2 Na4 17. Bd2 Nxc3 18. Bxc3 Bxc3+ 19. bxc3 Nd7 20. a4 Rfa8 21. 0-0 Nb6 22. Bb5 Nxa4 23. Rxa4 Rxa4 24. Bxa4 Rxa4 25. Re1 Ra3 26. Re3 Ra1+ 27. Kh2 Kg7 28. Kg3 Rd1 29. Kf3 Rc1 30. h4 Rc2 31. Kg3 h6 32. f4 Kf6 33. Kf3 h5 34. Kg3 Rd2 35. Kf3 Rc2 36. Kg3 c4 37. Kf3 e5 38. dxe6 fxe6 39. g4 hxg4+ 40. Kxg4 e5 41. Rg3 Rh2 42. fxe5+ Kxe5 43. Kf3 Rxh4 44. Rg5+ Kf6 45. Rd5 Rh3+ 46. Kf4 Rd3 47. Ra5 Rxc3 48. Ra6 g5+ 49. Kg4 Ke5 50. Kxg5 Rg3+ 51. Kh4 Re3 0-1